000 00455nam a22001817a 4500
003 CEME
005 20210628205940.0
008 210209b xxu||||| |||| 00| 0 eng d
020 _a81-7635-294-2
040 _c.
082 _a005.133 MON
100 _aMoncur, Micheel
_977605
245 _aTeach yourself javascript 1.3 in 24 hours
260 _aNEW DELHI
_bTECHMEDIA
_c1999
300 _a364P
650 _aJAVASCRIPT 1.3
_977606
942 _cBK
_2ddc
999 _c582853
_d582853